| 000 | 01461cam a22004094i 4500 | ||
|---|---|---|---|
| 003 | PE-LiUPU | ||
| 005 | 20250731173026.0 | ||
| 008 | 150623s r 000 0 d | ||
| 035 | _a(Sirsi) a23731 | ||
| 040 |
_aPE-LiUPU _bspa _cPE-LiUPU _erda |
||
| 082 | 0 | 4 |
_a264 _bB72 _221 |
| 100 | 1 |
_aBonn, Linda, _eautor. |
|
| 245 | 1 | 4 |
_aThe work of the worship committee / _cLinda Bonn. |
| 264 | 1 |
_a[Valley Forge, PA] : _bJudson Press, _c1998. |
|
| 300 |
_a70 páginas ; _c17 cm. |
||
| 336 |
_atext _2rdacontent |
||
| 337 |
_aunmediated _2rdamedia |
||
| 338 |
_avolume _2rdacarrier |
||
| 505 | 0 | _aWorship Identidy and Purpose in Your Church. -The Wordhip Committe. -The Work os the Committee. -The Work of the People. -The Lively arts in Worship. -The Worship Budget. -The Infrasteucture os the Worship Ministry. | |
| 526 | _aSEG42 | ||
| 526 | _aSEG41 | ||
| 526 | _aSEG40 | ||
| 526 | _aSEG39 | ||
| 526 | _aP94 | ||
| 526 | _aP87 | ||
| 526 | _aP86 | ||
| 526 | _aP85 | ||
| 526 | _aP77 | ||
| 526 | _aP76 | ||
| 526 | _aP35 | ||
| 650 | 0 | 4 |
_aAdoración. _9831 |
| 942 |
_2ddc _cBOOK |
||
| 949 |
_a264 B72 _wDEWEY _c1 _i47966 _lCCODEBUL1 _mBUL _p00.00 _r0 _sY _tBOOK _u2015-06-24 _xTEOLOGIA _PP35 _0COMPRA _o.STAFF. Colección General |
||
| 596 | _a1 | ||
| 999 |
_a264 B72 _wDEWEY _c24442 _i47966 _f2021-11-10 _g4 _lCCODEBUL1 _mBUL _r0 _sY _tBOOK _u2015-6-24 _xTEOLOGIA _PP35 _0COMPRA _o.STAFF. Colección General _d24442 |
||
| 980 |
_81 _gALBERTO SANCHEZ Responsable de Automatización |
||